000 01122cam a22003257a 4500
003 CHAP
005 20220329141502.0
008 971013s1989 r 00010 d
010 _a68892
011 _a69864
035 _a79342
040 _cCHAP
090 _aTesis
100 0 0 _aAlcocer Medina, Gabriel.
_93642
245 1 3 _aLa planeación nacional y su vínculo con la política, la legislación y la administración pública forestal en el período 1982-1988
260 _aChapingo, Méx. :
_bEl autor,
_c1989
300 _a230 p.
500 _a32-40
502 _aTesis (Ing. Forestal Esp. en Silvicultura) -- UACH. División de Ciencias Forestales
590 _aALEPH
_b10
_c20130110
_lUCH01
_h1406
590 _aBATCH-UPD
_b10
_c20130110
_lUCH01
_h0519
590 _aBATCH-UPD
_b10
_c20130410
_lUCH01
_h0158
590 _aBATCH-UPD
_b10
_c20130913
_lUCH01
_h2357
590 _aCONVERSION
_b10
_c20130109
_lUCH01
_h1338
650 1 4 _aPolítica económica
_zMéxico.
_990535
650 1 4 _aPolítica forestal
_zMéxico.
_990610
901 _aBK
942 _cTESIS
949 _bBC
_cTES
_d-32229
_eTS1
_h21150
_i79342
_si
999 _c68892
_d68892